Statystyki dla Państwa Ameryki północnej zarażone covid-19 (5.06.2020)

Kliknij tutaj aby rozwiązać quiz!

Ogólne statystyki

  • Ten quiz został rozwiązany 19 razy
  • Średni wynik to 18 z 38

Statystyki odpowiedzi

Liczba zarażonychKraj% Poprawnych
105 tysMeksyk
100%
1,92 mlnStany Zjednoczone
100%
93,7 tysKanada
94%
18Dominika
83%
18,3 tysDominikana
83%
15,0 tysPanama
83%
6,15 tysGwatemala
78%
2,64 tysHaiti
78%
5,88 tysHonduras
78%
591Jamajka
78%
1,19 tysKostaryka
78%
2,11 tysKuba
78%
2,84 tysSalwador
78%
102Bahamy
72%
1,11 tysNikaragua
72%
15Saint Kitts i Nevis
72%
18Belize
67%
19Saint Lucia
67%
117Trynidad i Tobago
67%
26Antigua i Barbuda
56%
92Barbados
56%
23Grenada
44%
162Gwadelupa
17%
141Bermudy
11%
21Curacao
11%
160Kajmany
11%
3Anguilla
6%
8Brytyjskie Wyspy Dziewicze
6%
13Grenlandia
6%
11Montserrat
6%
6Saint-Barthelemy
6%
41Saint Martin
6%
77Sint Maarten
6%
12Turks i Caicos
6%
101Aruba
0%
7Karaibskie Niderlandy
0%
200Matrynika
0%
1Saint Pierre Miquelon
0%

Rozkład punktacji

Percentyl według liczby udzielonych odpowiedzi

Procent ludzi z każdym wynikiem

Twoja historia wyników

Nie rozwiązałeś tego quizu